| 000 | 00641cam a2200193 a 4500 | ||
|---|---|---|---|
| 020 | _a0079136664 | ||
| 082 | 0 | 0 |
_a006 _bWEL _cML-39,P157 |
| 100 |
_aWell, Lisa K. _936926 |
||
| 245 | 0 | 0 |
_aLabVIEW student edition users guide _cLisa K. well. |
| 260 |
_aNew Jersy : _bPrentice Hall, _c1995. |
||
| 300 |
_axxviii, 387 p. : _bill. ; _c24 cm. + |
||
| 526 |
_a0 _b0 _c0 _d006_000000000000000_WEL |
||
| 526 |
_a0 _b0 _c0 _d006_000000000000000_WEL |
||
| 650 | 0 |
_aComputer graphics. _91225 |
|
| 650 | 0 |
_aMCE _9379 |
|
| 650 | 0 |
_aScientific apparatus and instruments _xComputer simulation. _936927 |
|
| 700 | 1 |
_aJohnson, Gary W., _936928 |
|
| 942 |
_2ddc _cBK |
||
| 999 |
_c541867 _d541867 |
||